Szczegóły MARC21

Milosz /

003 -Nazwa inst., której nr kontr. jest w polu 001 [,]
    • @
    • Nazwa instytucji, której n kontrolny jest w polu 001
    • NUKAT
005 -DATA I CZAS OSTATNIEJ MODYFIKACJI [,]
    • @
    • pole kontrolne
    • 20241231112134.0
040 -Instytucja sporządzająca opis [ , ]
    • a
    • Instytucja, która sporządziła opis (NP)
    • WA U/71JOK
    • c
    • Instytucja, która sporządziła rekord (NP)
    • WA U/JOK
    • d
    • Instytucja, która zmodyfikowała rekord (P)
    • WA U/MSZ
    • d
    • Instytucja, która zmodyfikowała rekord (P)
    • WR U/da
942 -Rodzaj dokumentu [ , ]
    • c
    • Rodzaj dokumentu
    • Książka
100 -Hasło główne - nazwa osobowa [1, ]
    • a
    • Nazwa osobowa (NP)
    • Richter, Anne
    • d
    • Daty biograficzne (NP)
    • (1939- ).
    • 9
    • KHW
    • 738838
245 -Strefa tytułu i oznaczenia odpowiedzialności [1,0]
    • a
    • Tytuł
    • Milosz / Find
    • c
    • Pozostałe elementy strefy tytułu i oznaczenia odpowiedzialności (NP)
    • Anne Richter.
260 -Strefa adresu wydawniczego [ , ]
    • a
    • Miejsce wydania (P)
    • Paris :
    • b
    • Nazwa wydawcy (P)
    • Éditions Universitaires,
    • c
    • Data wydania (P)
    • 1965.
300 -Strefa opisu fizycznego [ , ]
    • a
    • Określenie formy książki i/lub objętość (NP)
    • 127, [1] s. ;
    • c
    • Format (NP)
    • 18 cm.
336 -Typ zawartości [ , ]
    • a
    • Termin opisujący typ zawartości
    • Tekst
    • b
    • Kod określający zawartość
    • txt
    • 2
    • Źródło (terminu i kodu)
    • rdacontent
337 -Typ mediów [ , ]
    • a
    • Tryb odtwarzania
    • Bez urządzenia pośredniczącego
    • b
    • Kod typu mediów
    • n
    • 2
    • Źródło (terminu i kodu)
    • rdamedia
338 -Typ/rodzaj nośnika [ , ]
    • a
    • Hasło opisujące typ nośnika
    • Wolumin
    • b
    • Kod typu nośnika
    • nc
    • 2
    • Źródło (terminu i kodu)
    • rdacarrier
380 -Deskryptor - Forma dzieła (P) [ , ]
    • a
    • forma dzieła (NP)
    • Książki
380 -Deskryptor - Forma dzieła (P) [ , ]
    • a
    • forma dzieła (NP)
    • Literatura faktu, eseje, publicystyka
490 -Strefa serii i książki wielotomowej - forma nie do wyszukiwania [1, ]
    • a
    • Tytuł (P)
    • Classiques du XXe Siècle ; Find
    • v
    • Numeracja (P)
    • 72
830 -Hasło dodatkowe serii i opisu książki wielotomowej - tytuł ujednolicony/tytuł [ ,0]
    • a
    • Tytuł ujednolicony/tytuł (NP)
    • Classiques du XXe Siècle
    • v
    • Oznaczenie tomu (NP)
    • 72
    • 9
    • KHW
    • 19507
504 -Uwaga dot. bibliogr. załącznikowej [ , ]
    • a
    • Uwaga dot. bibliografii załącznikowej
    • Bibliogr. s. 126-127.
080 -Uniwersalna Klasyfikacja Dziesiętna [ , ]
    • a
    • Symbol klasyfikacji
    • 884(091)-1"19"Miłosz C.=40
080 -Uniwersalna Klasyfikacja Dziesiętna [ , ]
    • a
    • Symbol klasyfikacji
    • :929(438)"19"Miłosz C.=40
600 -Hasło przedmiotowe w formie nazwy osobowej [1,7]
    • a
    • Nazwa osobowa
    • Miłosz, Oskar Wladisław de Lubicz
    • d
    • Daty związane z nazwą
    • (1877-1939)
    • 2
    • Źródło terminu
    • DBN
    • 9
    • KHW
    • 738889
600 -Hasło przedmiotowe w formie nazwy osobowej [1,7]
    • a
    • Nazwa osobowa
    • Milosz, Oskar Vladislas Lubicz de
    • d
    • Daty związane z nazwą
    • (1877-1939).
    • 2
    • Źródło terminu
    • kaba
    • 9
    • KHW
    • 244516
648 -Hasło przedmiotowe - chronologia [ ,7]
    • a
    • Deskryptor chronologiczny
    • 1801-1900
    • 2
    • Źródło terminu
    • DBN
    • 9
    • KHW
    • 721135
648 -Hasło przedmiotowe - chronologia [ ,7]
    • a
    • Deskryptor chronologiczny
    • 1901-1914
    • 2
    • Źródło terminu
    • DBN
    • 9
    • KHW
    • 721701
648 -Hasło przedmiotowe - chronologia [ ,7]
    • a
    • Deskryptor chronologiczny
    • 1901-2000
    • 2
    • Źródło terminu
    • DBN
    • 9
    • KHW
    • 721448
648 -Hasło przedmiotowe - chronologia [ ,7]
    • a
    • Deskryptor chronologiczny
    • 1914-1918
    • 2
    • Źródło terminu
    • DBN
    • 9
    • KHW
    • 721702
648 -Hasło przedmiotowe - chronologia [ ,7]
    • a
    • Deskryptor chronologiczny
    • 1918-1939
    • 2
    • Źródło terminu
    • DBN
    • 9
    • KHW
    • 721223
650 -Hasło przedmiotowe [ ,7]
    • a
    • Hasło przedmiotowe
    • Poeci francuscy
    • 2
    • Źródło terminu
    • DBN
    • 9
    • KHW
    • 738896
655 -Hasło w funkcji tematu formalnego [ ,7]
    • a
    • Hasło
    • Biografia
    • 2
    • Źródło terminu
    • DBN
    • 9
    • KHW
    • 721687
658 -Ujęcie treści [ , ]
    • a
    • dziedzina nauki i sztuki/ sfera aktywności życiowej
    • Historia
658 -Ujęcie treści [ , ]
    • a
    • dziedzina nauki i sztuki/ sfera aktywności życiowej
    • Literaturoznawstwo
980 -Symbol UKD [ , ]
    • a
    • UKD
    • 884(091)-1"19":929(438)"19"]Miłosz C.=40
710 -Hasło dodatkowe - nazwa ciała zbiorowego [2, ]
    • a
    • Nazwa ciała zbiorowego lub nazwa geograficzna jako pierwszy element (NP)
    • Editions Universitaires (Paryż).
    • 4
    • Kod relacji
    • pbl
    • 9
    • KHW
    • 86094
Lokalizacja Data inwentaryzacji Status udost. Numer inwentarzowy
BG2002-12-091JK.338